• 首页
  • 本馆介绍
  • 公告通知
  • 最新文献
  • 馆藏检索
  • 电子资源
  • 读者导购
  • 参考咨询
  • 我的图书馆
  • 登录
  • 详细信息显示
  • 放入我的书架
  • 预约/预借图书
  • 作者相关作品
  • 分类相关作品
  • 丛书相关作品
  • 出版社相关作品

书目信息

  • 表格格式
  • 工作单格式
  • 卡片格式
题名:
论浪漫派
    
 
作者: 海涅 , Heine 著 ;张玉书 译
分册:  
出版信息: 北京   人民文学出版社  1979
页数: 191页
开本: 20cm
丛书名:
单 册:
中图分类: I516.064
科图分类:
主题词: 浪漫主义-文学评论--德国--近代 , 文学评论-浪漫主义--德国--近代
电子资源:
ISBN: 10019.2806
000 00789nam0 2200265 450
001 0179005869
005 20100712215610.0
010    @a10019.2806@dCNY0.57
091    @a10019.2806
100    @a19950721d1979 em y0chiy0110 ea
101 1  @achi@cger
102    @aCN@b110000
105    @ay r 000zy
106    @ar
200 1  @a论浪漫派@9Lun Lang Man Pai;Pa @f(德)海涅(H.Heine)著@g张玉书译
210    @a北京@c人民文学出版社@d1979
215    @a191页@d20cm
606 0  @a浪漫主义-文学评论@y德国@z近代
606 0  @a文学评论-浪漫主义@y德国@z近代
690    @aI516.064@v3
701  1 @c(德)@a海涅@9hai nie@c(Heine, Heinrich@f1797~1856)@4著
701  1 @aHeine@bH.@4著
702  0 @a张玉书@9zhang yu shu@4译
801  0 @aCN@bAzMarc@c20130904
905    @aBZT@dI516.064@e2@f2@sI516.064/2
    
    论浪漫派/(德)海涅(H.Heine)著/张玉书译.-北京:人民文学出版社,1979
    191页;20cm
    
    
    ISBN 10019.2806:CNY0.57
    
●
相关链接 在五车中查询图书 在当当中查询图书 在豆瓣中查询图书


正题名:论浪漫派     索取号:I516.064/2         预约/预借

序号 登录号 条形码 馆藏地/架位号 状态 备注
1 2000072187   2000072187   旧书回溯/ [索取号:I516.064/2] 在馆    
2 2000088981   2000088981   旧书回溯/ [索取号:I516.064/2] 在馆    
山东省滨州职业学院图书馆 欢迎您!
大连网信软件有限公司© 版权所有